000 00364nam a2200169Ia 4500
003 IT-RoPAU
008 120407s9999 xx 000 0 und d
040 _aIT-RoPAU
040 _cIT-RoPAU
100 _aPaul Ricoeur
245 _aIl conflitto delle interpretazioni
250 _aMilano
260 _aJaca Book
300 _c cm
490 _v1
942 _cBK
999 _c7062
_d7062